[Event "4th Chessfestival Gredine 2018"]
[Site "Ortisei"]
[Date "2018.06.19"]
[Round "4.18"]
[White "Kornitzky, Tino"]
[Black "Jaracz, Barbara"]
[Result "1/2-1/2"]
[WhiteElo "2112"]
[BlackElo "2246"]
[Annotator "NA"]
[PlyCount "39"]
[EventDate "2018.06.16"]
[EventType "swiss"]
[EventCountry "ITA"]
[SourceTitle "playchess.com"]
[Source "ChessBase"]
[SourceQuality "1"]
[TimeControl "40/5400+30:1800+30"]

1. d4 {[%emt 0:00:30]} d5 {[%emt 0:01:00]} 2. c4 {[%emt 0:00:00]} c6 {[%emt 0:00:00]} 3. cxd5 {[%emt 0:00:00]} cxd5 {[%emt 0:00:00]} 4. Bf4 {[%emt 0:00:00]} Nc6 {[%emt 0:01:30]} 5. e3 {[%emt 0:00:00]} Nf6 {[%emt 0:01:30]} 6. Nc3 {[%emt 0:00:30]} Bf5 {[%emt 0:04:30]} 7. Qb3 {[%emt 0:01:30]} Qd7 {[%emt 0:03:30]} 8. Nf3 {[%emt 0:07:30]} a6 {[%emt 0:02:30]} 9. Ne5 {[%emt 0:07:30]} Nxe5 {[%emt 0:09:30]} 10. dxe5 {[%emt 0:04:30]} Ne4 {[%emt 0:01:30]} 11. Qxd5 {[%emt 0:03:30]} Nxc3 {[%emt 0:03:30]} 12. Qxd7+ {[%emt 0:00:30]} Bxd7 {[%emt 0:00:00]} 13. bxc3 {[%emt 0:00:00]} Rc8 {[%emt 0:00:00]} 14. Kd2 {[%emt 0:08:00]} (14. Rb1 $5 {[%cal Rb1b7]}) 14... Rd8 {[%emt 0:09:30]} 15. c4 {[%emt 0:08:30]} e6 $14 {[%emt 0:10:30]} 16. Kc3 {[%emt 0:04:30]} Ba4 {[%emt 0:07:30]} 17. Bd3 {[%emt 0:08:30]} Ba3 {[%emt 0:04:30]} 18. Bc2 {[%emt 0:06:30]} Bc6 {[%emt 0:02:30]} 19. Rad1 {[%emt 0:05:30]} Ke7 {[%emt 0:04:30]} 20. f3 {[%emt 0:02:30]} 1/2-1/2

[Event "4th Chessfestival Gredine 2018"]
[Site "Ortisei"]
[Date "2018.06.19"]
[Round "4.19"]
[White "Curien, Nicolas"]
[Black "De Vita, Gianni"]
[Result "0-1"]
[WhiteElo "2204"]
[BlackElo "2036"]
[Annotator "NA"]
[PlyCount "72"]
[EventDate "2018.06.16"]
[EventType "swiss"]
[EventCountry "ITA"]
[SourceTitle "playchess.com"]
[Source "ChessBase"]
[SourceQuality "1"]
[TimeControl "40/5400+30:1800+30"]

1. d4 {[%emt 0:00:30]} d5 {[%emt 0:01:00]} 2. Bf4 {[%emt 0:00:30]} e6 {[%emt 0:01:30]} 3. e3 {[%emt 0:01:30]} c6 {[%emt 0:03:30]} 4. h3 {[%emt 0:03:30]} f5 {[%emt 0:00:30]} 5. g4 {[%emt 0:00:30]} Bd6 {[%emt 0:01:30]} 6. Bd3 {[%emt 0:05:30]} Nf6 {[%emt 0:02:30]} 7. Nf3 {[%emt 0:10:30]} Qe7 {[%emt 0:15:30]} 8. Nbd2 {[%emt 0:03:30]} Ne4 {[%emt 0:00:30]} 9. Qe2 {[%emt 0:11:30]} Nd7 {[%emt 0:02:30]} 10. Rg1 $11 {[%emt 0:08:30]} e5 {[%emt 0:03:30]} 11. dxe5 {[%emt 0:04:30]} Nxe5 {[%emt 0:00:30]} 12. Nxe5 {[%emt 0:05:30]} Bxe5 {[%emt 0:03:30]} 13. Bxe5 {[%emt 0:02:30]} Qxe5 {[%emt 0:01:30]} 14. O-O-O {[%emt 0:02:30]} Nc5 {[%emt 0:08:30]} 15. Nf3 {[%emt 0:09:30]} Nxd3+ {[%emt 0:11:30]} 16. cxd3 {[%emt 0:02:30]} Qe7 {[%emt 0:03:30]} 17. d4 {[%emt 0:01:30]} O-O {[%emt 0:11:30]} 18. Ne5 {[%emt 0:00:30]} Be6 {[%emt 0:10:24]} 19. Kb1 {[%emt 0:00:00]} Qh4 {[%emt 0:03:46]} 20. Nd3 {[%emt 0:04:00]} Rae8 {[%emt 0:04:59]} 21. Ka1 {[%emt 0:04:28]} Bc8 {[%emt 0:00:51]} 22. Qf1 {[%emt 0:11:33]} fxg4 {[%emt 0:00:52]} 23. hxg4 {[%emt 0:00:07]} Rxe3 {[%emt 0:02:49]} 24. Rh1 {[%emt 0:00:41]} Qxg4 {[%emt 0:02:16]} 25. Rg1 {[%emt 0:00:19]} Qh3 {[%emt 0:01:05]} 26. Rg2 {[%emt 0:03:40]} Ref3 {[%emt 0:00:59]} 27. Ne5 {[%emt 0:00:30]} R3f6 {[%emt 0:00:34]} 28. Qg1 {[%emt 0:01:02]} g6 {[%emt 0:01:06]} 29. Rd3 {[%emt 0:00:08]} Qh5 {[%emt 0:00:54]} 30. Rh2 {[%emt 0:00:47]} Qf5 {[%emt 0:00:35]} 31. Rg3 {[%emt 0:00:42]} Kg7 {[%emt 0:00:23]} 32. Qh1 {[%emt 0:01:01]} Rh8 {[%emt 0:00:33]} 33. Ng4 {[%emt 0:01:08]} Re6 {[%emt 0:00:27]} 34. Rhg2 {[%emt 0:00:34]} Qf4 {[%emt 0:00:39]} 35. Nh6 {[%emt 0:00:44]} Qxh6 {[%emt 0:00:17]} 36. Rh2 {[%emt 0:00:55]} Qxh2 {[%emt 0:00:20]} 0-1

[Event "4th Chessfestival Gredine 2018"]
[Site "Ortisei"]
[Date "2018.06.19"]
[Round "4.20"]
[White "Colombo, Roberto"]
[Black "Lorscheid, Gerhard"]
[Result "0-1"]
[WhiteElo "2125"]
[BlackElo "2200"]
[Annotator "NA"]
[PlyCount "78"]
[EventDate "2018.06.16"]
[EventType "swiss"]
[EventCountry "ITA"]
[SourceTitle "playchess.com"]
[Source "ChessBase"]
[SourceQuality "1"]
[TimeControl "40/5400+30:1800+30"]

1. e4 {[%emt 0:00:30]} d6 {[%emt 0:01:00]} 2. d4 {[%emt 0:00:00]} Nf6 {[%emt 0:00:00]} 3. Nc3 {[%emt 0:00:00]} e5 {[%emt 0:00:00]} 4. Nf3 {[%emt 0:00:00]} Nbd7 {[%emt 0:00:30]} 5. Bc4 {[%emt 0:00:00]} Be7 {[%emt 0:00:00] LiveBook: 7102 Games} 6. O-O {[%emt 0:00:30]} Nb6 {[%emt 0:00:00]} 7. Be2 {[%emt 0:04:30]} exd4 {[%emt 0:00:30]} 8. Nxd4 {[%emt 0:02:30]} O-O {[%emt 0:00:00]} 9. f4 {[%emt 0:04:30]} Re8 {[%emt 0:02:00]} 10. Bf3 {[%emt 0:08:30]} Bf8 {[%emt 0:01:30]} 11. a4 {[%emt 0:05:30]} c5 {[%emt 0:06:30]} 12. Nde2 {[%emt 0:04:30]} Bd7 {[%emt 0:17:30]} 13. Qd3 $14 {[%emt 0:27:30]} Bc6 {[%emt 0:05:30]} 14. a5 {[%emt 0:02:30]} Nbd7 {[%emt 0:00:30]} 15. Ng3 {[%emt 0:03:30]} Rc8 {[%emt 0:05:30]} 16. b3 {[%emt 0:07:30]} b6 {[%emt 0:14:30]} 17. a6 {[%emt 0:05:30]} c4 {[%emt 0:00:30]} 18. Qd4 {[%emt 0:01:30]} cxb3 {[%emt 0:00:30]} 19. cxb3 {[%emt 0:00:48]} d5 {[%emt 0:04:30]} 20. Kh1 {[%emt 0:02:05]} Nc5 {[%emt 0:05:30]} 21. e5 {[%emt 0:05:46]} Nxb3 {[%emt 0:02:30]} 22. Qd1 {[%emt 0:00:48]} Nxa1 {[%emt 0:00:30]} 23. exf6 {[%emt 0:00:50]} Qxf6 {[%emt 0:00:30]} 24. Bb2 {[%emt 0:00:49]} d4 {[%emt 0:01:30]} 25. Nce4 {[%emt 0:00:47]} Bxe4 {[%emt 0:00:30]} 26. Bxe4 {[%emt 0:00:37]} Rxe4 {[%emt 0:02:30]} 27. Nxe4 {[%emt 0:00:05]} Qc6 {[%emt 0:00:00]} 28. Qxd4 {[%emt 0:11:54]} Nb3 {[%emt 0:00:00]} 29. Qe3 {[%emt 0:00:26]} Nc5 {[%emt 0:01:30]} 30. Ng5 {[%emt 0:00:15]} h6 {[%emt 0:00:30]} 31. Nf3 {[%emt 0:00:30]} Qe4 {[%emt 0:00:30]} 32. Qd2 {[%emt 0:00:07]} Nd3 {[%emt 0:00:30]} 33. Ba1 {[%emt 0:00:50]} Bc5 {[%emt 0:01:30]} 34. Qc3 {[%emt 0:00:13]} f6 {[%emt 0:00:30]} 35. h3 {[%emt 0:01:09]} Re8 {[%emt 0:01:30]} 36. Qb3+ {[%emt 0:00:16]} Kh8 {[%emt 0:00:30]} 37. Qf7 {[%emt 0:00:34]} Re7 {[%emt 0:02:30]} 38. Qf8+ {[%emt 0:00:38]} Kh7 {[%emt 0:00:00]} 39. g3 {[%emt 0:00:31]} Ne1 0-1

[Event "4th Chessfestival Gredine 2018"]
[Site "Ortisei"]
[Date "2018.06.20"]
[Round "5.1"]
[White "Santos Latasa, Jaime"]
[Black "Praggnanandhaa R"]
[Result "1/2-1/2"]
[WhiteElo "2567"]
[BlackElo "2529"]
[Annotator "TA"]
[PlyCount "107"]
[EventDate "2018.06.16"]
[EventType "swiss"]
[EventCountry "ITA"]
[SourceTitle "playchess.com"]
[Source "ChessBase"]
[SourceQuality "1"]

{[%evp 25,107,19,28,40,28,43,69,61,64,47,43,30,31,29,53,41,46,53,52,52,21,31,63,26,60,0,0,0,0,0,0,0,0,0,0,0,0,0,0,0,0,0,12,0,33,35,86,34,71,33,31,39,37,28,23,25,100,26,16,8,72,81,47,61,61,64,135,0,0,0,0,0,0,0,0,0,0,0,0,0,0,0,0,0]} 1. e4 e5 2. Nf3 Nc6 3. Bb5 a6 4. Ba4 Nf6 5. O-O b5 6. Bb3 Bb7 7. Re1 Bc5 8. c3 d6 9. d4 Bb6 10. Be3 O-O 11. d5 {C78: Ruy Lopez: Archangelsk and Möller Defences} Ne7 12. Bxb6 cxb6 13. Nbd2 Nd7 {[%cal Bf6d7,Bd7c5,Bc5a4][%mdl 32] LiveBook: 4 Games} 14. Bc2 Rc8 (14... h6 15. Nf1 f5 16. exf5 Nxf5 17. N3d2 Nc5 18. b4 Na4 19. Bxf5 Rxf5 {1-0 (38) Yu,Y (2721)-Bu,X (2698) Shenzhen 2016}) 15. Nf1 {[#]} Rc7 $146 ({Predecessor:} 15... Nc5 16. Ne3 Qd7 17. b4 Na4 18. Bxa4 bxa4 {1-0 (40) Tukhaev,A (2542)-Urkedal,F (2517) Sweden 2015}) 16. Ne3 Nc5 17. Qd2 Bc8 18. b4 Na4 19. c4 f5 20. exf5 Nxf5 21. Bxf5 Bxf5 22. Nxf5 Rxf5 23. cxb5 axb5 24. Rac1 Rf4 25. Rxc7 (25. Rc6 $14) 25... Qxc7 $11 26. Ng5 Qc3 27. Qe2 h6 28. g3 Rf8 29. Ne6 Rf7 30. f4 {[%cal Rf4e5]} Nb2 31. fxe5 Nd3 32. Rf1 {Rxf7 is the strong threat.} Nxe5 33. Rxf7 Kxf7 34. Qf1+ (34. Qf2+ {is more complex.} Qf3 35. Nc7 Qxf2+ 36. Kxf2 Nd3+ 37. Kf3) 34... Qf3 35. Nd4 Qxf1+ 36. Kxf1 $14 {[%mdl 4096] Endgame KN-KN} Nd3 37. a3 {Hoping for Ke2.} Kf6 38. Ke2 Nb2 $1 39. Nxb5 Ke5 $1 40. Nc7 g6 (40... Nc4 $11) 41. Kf3 ({White should try} 41. Kd2 $1 $16) 41... Kd4 $1 $11 42. h4 Nd3 {[#]} (42... Nc4 $1 $11) 43. g4 $1 $16 Ne1+ 44. Kf4 Nd3+ $1 45. Kg3 Kc4 {[#]} (45... Nb2 $14) 46. g5 ({Better is} 46. h5 $1 $16 {[%cal Rh5g6]} g5 47. Ne8) 46... hxg5 $11 {The position is equal.} 47. hxg5 Kd4 48. Na8 b5 49. Nc7 Kc4 50. Kf3 Ne5+ 51. Ke4 Nf7 $1 52. Kf4 Ne5 53. Ke4 Nf7 $1 54. Kf4 {Precision: White = 62%, Black = 58%.} 1/2-1/2

[Event "4th Chessfestival Gredine 2018"]
[Site "Ortisei"]
[Date "2018.06.20"]
[Round "5.2"]
[White "Kveinys, Aloyzas"]
[Black "Saric, Ivan"]
[Result "1/2-1/2"]
[WhiteElo "2519"]
[BlackElo "2685"]
[Annotator "TA"]
[PlyCount "58"]
[EventDate "2018.06.16"]
[EventType "swiss"]
[EventCountry "ITA"]
[SourceTitle "playchess.com"]
[Source "ChessBase"]
[SourceQuality "1"]

{[%evp 30,58,0,0,0,0,0,0,0,-70,0,0,0,0,0,0,0,0,0,0,0,0,0,0,1549,1564,1539,1481,1953,1946,29992]} 1. d4 Nf6 2. c4 g6 3. Nf3 Bg7 4. g3 d5 5. cxd5 Nxd5 6. Bg2 Nb6 7. Nc3 Nc6 8. e3 O-O 9. O-O Re8 10. d5 Na5 11. Nd4 Bd7 12. Rb1 {D76: Fianchetto Grünfeld: Main Line with 7...Nb6} (12. b4 Nac4 13. Qc2 Qc8 14. Rd1 Bh3 15. Bh1 a5 16. b5 Bg4 17. Nce2 e5 18. dxe6 fxe6 19. Rb1 e5 20. Nb3 {0-1 (37) Jobava,B (2714)-Maghsoodloo,P (2584) Bandar e Anzali 2017}) 12... Rc8 13. b4 c5 14. Ne6 fxe6 15. bxa5 Bxc3 16. axb6 {LiveBook: 3 Games} axb6 17. Qb3 $146 ({Predecessor:} 17. Qc2 Bg7 18. Bb2 e5 19. f4 exf4 20. Bxg7 Kxg7 21. Rxf4 {½-½ (34) Kveinys,A (2479)-Saravanan,V (2371) Ortisei 2013}) 17... Ba5 18. Qc4 b5 19. Qe4 (19. Qc2 $1 $11) 19... c4 {[#]} (19... Bc3 $1 $15) 20. Rxb5 $3 $11 {[%mdl 512]} Bxb5 21. Qxe6+ Kg7 (21... Kf8 $2 22. Qe5 $19) 22. Qe5+ Kg8 {Hoping for ...Qd6.} 23. Qe6+ Kg7 (23... Kf8 $2 24. Qe5 $19) 24. Qe5+ Kg8 {[#] White must now prevent ...Qd6.} 25. Qe6+ Kf8 26. Qe5 $1 $40 {[%cal Re5h8][%mdl 128] White is up to no good.} Qd6 $2 {[%mdl 8192]} (26... Kf7 $11 27. Qe6+ Kf8) 27. Qh8+ $18 {White is clearly winning.} Kf7 28. Qxh7+ Kf6 29. e4 Qd8 {[%mdl 32768] An unexpected result.} 1/2-1/2

[Event "4th Chessfestival Gredine 2018"]
[Site "Ortisei"]
[Date "2018.06.20"]
[Round "5.3"]
[White "Moroni, Luca Jr"]
[Black "Pruijssers, Roeland"]
[Result "1/2-1/2"]
[WhiteElo "2549"]
[BlackElo "2514"]
[Annotator "TA"]
[PlyCount "75"]
[EventDate "2018.06.16"]
[EventType "swiss"]
[EventCountry "ITA"]
[SourceTitle "playchess.com"]
[Source "ChessBase"]
[SourceQuality "1"]

{[%evp 22,75,16,6,21,10,26,-4,12,7,12,12,29,25,42,31,36,18,21,16,17,22,24,18,45,8,8,8,14,18,10,12,14,0,0,0,0,0,0,0,0,0,0,0,0,0,7,0,0,0,0,0,16,16,16,16]} 1. c4 Nf6 2. Nc3 e6 3. e4 d5 4. e5 d4 5. exf6 dxc3 6. bxc3 Qxf6 7. d4 b6 8. Be2 {A18: English Opening: Flohr-Mikenas System (1 c4 Nf6 2 Nc3 e6 3 e4)} (8. h4 Bb7 9. Bg5 Qf5 10. Bd3 Qa5 11. Kf1 Nc6 12. Rb1 f6 13. Bd2 O-O-O 14. a4 e5 15. c5 Bxc5 16. Rb5 Qa6 17. Rh3 Bxd4 18. Be2 Rd6 19. Rb1 Qa5 20. Rb5 Qa6 21. Rb1 Qa5 22. Rb5 {½-½ (22) Aronian,L (2794)-Ding,L (2769) Berlin 2018}) 8... Bb7 9. Bf3 Bxf3 10. Nxf3 Bd6 11. Qa4+ c6 12. O-O {LiveBook: 12 Games} O-O 13. Re1 Rc8 14. Ng5 Qf5 15. Ne4 Bc7 $146 ({Predecessor:} 15... Bf8) 16. Bg5 a6 17. Be7 Nd7 18. Qb3 Qh5 19. h3 Re8 20. Bd6 Bxd6 21. Nxd6 Red8 22. Ne4 Qf5 23. a4 {[%cal Ba2a4,Ba4a5][%mdl 32]} Rab8 {The position is equal.} 24. a5 b5 $1 25. Nd6 Qg6 26. c5 Nf6 27. Re3 Ne8 28. Qb4 Qg5 29. Re5 Qe7 {[%cal Re8d6]} 30. Nxe8 Rxe8 31. Rae1 Qc7 32. h4 Re7 33. f4 Rbe8 34. R5e4 g6 35. g3 h5 36. Kh2 Kg7 37. Qa3 Qd8 38. Qa2 {Precision: White = 46%, Black = 80%.} 1/2-1/2

[Event "4th Chessfestival Gredine 2018"]
[Site "Ortisei"]
[Date "2018.06.20"]
[Round "5.4"]
[White "Jaracz, Pawel"]
[Black "Vocaturo, Daniele"]
[Result "0-1"]
[WhiteElo "2467"]
[BlackElo "2608"]
[Annotator "TA"]
[PlyCount "56"]
[EventDate "2018.06.16"]
[EventType "swiss"]
[EventCountry "ITA"]
[SourceTitle "playchess.com"]
[Source "ChessBase"]
[SourceQuality "1"]

{[%evp 17,56,26,31,7,31,10,10,-30,-39,-42,-32,-75,-78,-104,-106,-113,-111,-101,-102,-179,-150,-154,-130,-135,-130,-135,-130,-197,-135,-207,-201,-305,-298,-286,-300,-471,-463,-431,-304,-324,-314]} 1. e4 e5 2. Nf3 Nc6 3. Bb5 a6 4. Ba4 d6 5. Bxc6+ bxc6 6. d4 f6 7. Nc3 Ne7 8. Be3 Ng6 9. Qd3 Be6 {LiveBook: 4 Games. C73: Ruy Lopez: Deferred Steinitz: 5 Bxc6+} (9... a5 10. O-O-O Ba6 11. Qd2 Be7 12. h4 h5 13. Ne2 d5 14. dxe5 fxe5 15. Ng3 d4 16. Bg5 Bf6 17. Nf5 {1-0 (58) Rodriguez Cespedes,A (2415)-Fernandez Aguado,E (2351) Barcelona 2015}) 10. Rd1 $146 ({Predecessor:} 10. h4 h5 11. O-O-O Be7 12. Nd2 Qd7 13. g3 f5 14. exf5 Bxf5 15. Qe2 Be6 16. Nde4 O-O 17. Bg5 {1-0 (55) Philipowski,R (2288)-Upton,T (2212) Luxembourg 2015}) 10... Qd7 11. h3 Be7 {[%cal Bf8e7,Be7d8,Bd8a5][%mdl 32] The position is equal.} 12. d5 cxd5 13. Nxd5 O-O 14. g4 Bd8 15. c4 Rb8 16. b3 c6 17. Nc3 Ba5 18. Bd2 (18. Nh2 $17) 18... Rbd8 19. Ne2 Bxd2+ 20. Rxd2 d5 21. cxd5 cxd5 22. Qxa6 (22. O-O $17 {was necessary.}) 22... Qf7 (22... Qe7 $19 23. O-O dxe4 24. Rxd8 Rxd8) 23. Qb6 (23. O-O $17 {might work better.}) 23... Rd7 $19 24. exd5 (24. O-O $142 dxe4 25. Rxd7 Qxd7 26. Nh2) 24... Bxd5 25. Qe3 {[#] White hopes to continue with 0-0.} Nf4 $1 {[%mdl 512] White must now prevent ...Ng2+.} 26. Nxf4 (26. O-O $142 Bxf3 27. Nxf4 Rxd2 28. Qxd2) 26... exf4 27. Qxf4 {White wants to play 0-0.} Re8+ 28. Kf1 {[#]} Bxf3 $1 {Precision: White = 20%, Black = 81%.} 0-1

[Event "4th Chessfestival Gredine 2018"]
[Site "Ortisei"]
[Date "2018.06.20"]
[Round "5.5"]
[White "Borgo, Giulio"]
[Black "Tarlev, Konstantin"]
[Result "0-1"]
[WhiteElo "2397"]
[BlackElo "2552"]
[Annotator "TA"]
[PlyCount "86"]
[EventDate "2018.06.16"]
[EventType "swiss"]
[EventCountry "ITA"]
[SourceTitle "playchess.com"]
[Source "ChessBase"]
[SourceQuality "1"]

{[%evp 22,86,2,-5,-2,-8,-3,-6,-1,-7,-13,-48,-54,-47,-47,-50,-45,-79,-77,-75,-75,-97,-90,-71,-39,-88,-83,-106,-111,-111,-110,-166,-161,-160,-149,-202,-184,-173,-175,-175,-164,-486,-487,-515,-509,-519,-515,-620,-577,-791,-550,-599,-618,-605,-406,-586,-416,-410,-406,-876,-401,-393,-390,-498,-493,-427,-432]} 1. e4 c5 2. Nf3 e6 3. c4 Nc6 4. d4 cxd4 5. Nxd4 Nf6 6. Nc3 Bb4 7. Nxc6 bxc6 8. Bd3 e5 9. O-O O-O 10. Bg5 h6 {B44: Sicilian: Taimanov: 5 Nb5} 11. Bh4 Bc5 12. Kh1 {LiveBook: 4 Games} g5 {The position is equal.} (12... d6 13. f3 Be6 14. Qc2 Rb8 15. Rad1 Bd4 16. b3 g5 17. Bf2 c5 18. Nb5 {½-½ (59) Nakamura,H (2789)-Gelfand,B (2777) Wijk aan Zee 2014}) 13. Bg3 d6 14. Rb1 Rb8 15. a3 a5 16. Qa4 Qb6 $146 ({Predecessor:} 16... h5 17. f3 h4 18. Be1 {0-1 (50) Foo,H (2200)-Al Modiahki,M (2425) Genting Highlands 1998}) 17. b4 axb4 18. axb4 Bxb4 19. c5 Qxc5 20. Na2 {[#] And now f3 would win.} Qd4 $1 {[%csl LRd3,LRe4]} 21. f3 {[%cal Ra2b4]} Qxd3 22. Nxb4 Qb5 (22... Qe2 {keeps more tension.} 23. Rfe1 Qc4 24. Rec1 Qe6 25. Qxc6 g4) 23. Qxb5 cxb5 24. Rfd1 {[#]} Ne8 $1 25. Nc6 Rb7 26. Be1 (26. Na5 $17 Rb6 27. Nc4) 26... f5 $19 {White must now prevent ...fxe4.} 27. Nd8 Rc7 28. Ba5 (28. exf5 $17 {might work better.} Bxf5 29. Rxb5) 28... Rc2 {Strongly threatening ...fxe4.} 29. exf5 Bxf5 30. Rxb5 g4 31. Nb7 $2 (31. Rb7 {is tougher.}) 31... Bd7 32. Rb3 gxf3 33. gxf3 Bc6 34. Rg1+ Kh7 35. Rg3 Bd5 36. Rb1 Rxf3 37. Rxf3 Bxf3+ 38. Kg1 Rg2+ 39. Kf1 Rxh2 40. Rb6 (40. Rb3 $142 Bd5 41. Rb5 Bxb7 42. Rxb7+ Kg6 43. Rd7) 40... Bxb7 (40... Nf6 $142 {( -> ...Ne4)} 41. Rb4 e4) 41. Rxb7+ Kg6 42. Re7 Ng7 43. Bb4 Nf5 {Precision: White = 23%, Black = 78%.} 0-1

[Event "4th Chessfestival Gredine 2018"]
[Site "Ortisei"]
[Date "2018.06.20"]
[Round "5.6"]
[White "Sonis, Francesco"]
[Black "Kindermann, Stefan"]
[Result "1-0"]
[WhiteElo "2448"]
[BlackElo "2506"]
[Annotator "TA"]
[PlyCount "77"]
[EventDate "2018.06.16"]
[EventType "swiss"]
[EventCountry "ITA"]
[SourceTitle "playchess.com"]
[Source "ChessBase"]
[SourceQuality "1"]

{[%evp 11,77,2,10,0,18,0,17,0,0,9,-7,-3,24,26,31,-29,-2,-6,-3,-18,15,15,0,0,15,14,10,15,21,0,47,42,43,30,29,19,31,27,23,0,0,0,0,0,0,0,0,0,0,-12,0,-9,-4,0,16,9,21,0,134,43,80,80,434,376,29988,585,29989,29990]} 1. e4 e6 2. d4 d5 3. Nd2 c5 4. Ngf3 cxd4 5. Nxd4 Nf6 6. exd5 {C07: French Tarrasch: 3...c5, 4 Ngf3 and 4 exd5 Qxd5} a6 {LiveBook: 17 Games} (6... Nxd5 7. N2f3 Bb4+ 8. Bd2 O-O 9. c3 Be7 10. Bd3 b6 11. O-O Bb7 12. Qe2 Nc6 13. Rad1 Nxd4 14. Nxd4 Bf6 {0-1 (38) Gao,R (2561)-Yu,Y (2759) Tianjin 2018}) 7. c4 exd5 8. Be2 {The position is equal.} Bc5 $146 ({Predecessor:} 8... dxc4 9. Nxc4 b5 10. O-O bxc4 11. Bf3 Ra7 12. Bf4 Bc5 13. Bxb8 Qxd4 {½-½ (35) Godena,M (2508)-Studer,N (2477) Le Castella 2018}) 9. N4b3 Ba7 10. O-O O-O 11. cxd5 Nxd5 12. Ne4 Nc6 13. Nec5 ({White should try} 13. Bg5 $14 Nce7 14. Rc1) 13... Qd6 14. Bf3 Rd8 15. Re1 {Hoping for Qxd5.} Ne5 (15... h6 {seems wilder.} 16. Qxd5 Qxd5 17. Bxd5 Rxd5 18. Be3 a5) 16. Bxd5 Qxd5 17. Bf4 Qxd1 18. Raxd1 Rxd1 19. Rxd1 {[%cal Rd1d8]} Nc6 20. Re1 {[%cal Re1e8]} Bf5 21. Nxb7 Nb4 {Threatens to win with ...Nd3.} 22. N7c5 Nxa2 23. Nxa6 f6 24. Nc7 Rd8 25. Na5 Nb4 {...Nd3 is the strong threat.} 26. Bg3 Rd2 27. Nc4 Rc2 28. Nb5 {Black must now prevent Ncd6.} Nd3 29. Re8+ Kf7 30. Ncd6+ Kg6 {( -> ...Rc1+)} 31. h4 Rc1+ 32. Kh2 Bxf2 33. Bxf2 Nxf2 34. Nd4 Bd7 {[#]} (34... Bg4 $11) 35. Re7 (35. Ne2 $1 $16 {[%cal Re2f4] White wants to mate with Nf4+.} Rh1+ 36. Kg3) 35... Ng4+ 36. Kg3 Ne5 $2 {[%mdl 8192] [#]} (36... Rd1 $16 37. Rxd7 Rxd4) 37. Ne2 $1 $18 {[%cal Re2c1]} Re1 $2 (37... Rf1 $18 38. Nf4+ Rxf4 39. Kxf4 h5) 38. Nf4+ Kh6 {[#] Strongly threatening ...Re3+.} 39. Rxe5 $1 {[%mdl 512] Precision: White = 66%, Black = 45%.} 1-0

[Event "4th Chessfestival Gredine 2018"]
[Site "Ortisei"]
[Date "2018.06.20"]
[Round "5.7"]
[White "Gholami, Aryan"]
[Black "Volkov, Dmitriy"]
[Result "1-0"]
[WhiteElo "2490"]
[BlackElo "2334"]
[Annotator "TA"]
[PlyCount "99"]
[EventDate "2018.06.16"]
[EventType "swiss"]
[EventCountry "ITA"]
[SourceTitle "playchess.com"]
[Source "ChessBase"]
[SourceQuality "1"]

{[%evp 21,99,-16,-16,-46,-44,-62,-32,-50,0,0,31,-81,29,-44,0,0,0,2,14,7,0,25,14,0,0,0,0,0,0,0,0,0,-1,0,0,0,0,-21,-12,-18,-1,-17,-15,-129,-138,-105,-60,-46,-14,-14,-20,-16,0,0,45,42,53,59,288,270,276,259,310,293,314,321,510,539,503,483,702,702,1144,1053,1691,845,1479,1473,5131,752]} 1. Nf3 Nf6 2. g3 g6 3. b3 Bg7 4. Bb2 d6 5. d4 O-O 6. Bg2 c5 7. c4 cxd4 8. Nxd4 d5 9. O-O e5 {A49: 1 d4 Nf6 2 Nf3 g6 3 g3: Anti-King's Indian systems} 10. Nb5 a6 11. N5c3 d4 {LiveBook: 4 Games. The position is equal.} 12. Na4 $146 ({Predecessor:} 12. Nd5 Nc6 13. e4 b5 14. Ba3 Re8 15. Nd2 Be6 16. Rc1 Rc8 17. h3 {1-0 (39) Andreikin,D (2712)-Gupta,A (2610) chess.com INT 2018}) 12... Nc6 13. Nd2 Bf5 14. c5 e4 15. Nc4 Nd5 16. Nd6 (16. Qd2 $14 {stays ahead.}) 16... Qe7 {[#]} ({Black should play} 16... b5 $1 $17 {[%cal Rb5a4]} 17. Nb6 Nxb6 18. Nxf5 gxf5 19. cxb6 Qxb6) 17. Qc2 ({Better is} 17. e3 $1 $11 {[%mdl 512]}) 17... b5 18. Nb6 $1 {[%cal Rb6d5]} Nxb6 19. Nxf5 gxf5 20. cxb6 Nb4 21. Qd2 Rab8 22. a3 Nc6 23. Qf4 Qe5 24. Qxe5 Bxe5 25. f3 f4 26. gxf4 Bxf4 27. fxe4 Be3+ 28. Kh1 Rxb6 29. Rf6 {And now e5! would win.} Rfb8 30. Rf5 Re8 31. Rd5 Na5 32. Rf1 (32. b4 $11 {remains equal.} Nb3 33. Rf1) 32... Nxb3 $17 33. Rd7 Rf8 34. e5 Nc5 35. Rc7 Ne6 36. Re7 Bg5 37. Ra7 Kg7 {[#]} 38. a4 $1 {[%cal Ba3a4,Ba4a5,Ba5a6,Ba6a7][%mdl 544]} b4 (38... bxa4 39. Ba3) 39. Bd5 $36 {[%mdl 2048] White fights for an advantage.} Kg6 $2 (39... a5 $14) 40. a5 $18 Rbb8 41. Rxa6 Be3 {[#]} 42. Rd6 $1 Kg5 43. a6 Nf4 (43... Rbd8 {is a better defense.} 44. a7 d3) 44. a7 {White is clearly winning.} Rbc8 45. Bb7 d3 (45... Rcd8 $142 46. Rxd8 Rxd8) 46. exd3 Rc2 47. Bd4 Bxd4 {[#]} 48. Rxd4 (48. h4+ $142 $1 {[%mdl 512]} Kf5 (48... Kxh4 49. Rxd4) 49. Rxd4) 48... Ne6 49. Rxb4 Nc7 50. Rc4 {Precision: White = 57%, Black = 25%.} (50. Rf6 $142 Rc1+ 51. Kg2) 1-0